| 000 | 01550cam a22004694i 4500 | ||
|---|---|---|---|
| 003 | PE-LiUPU | ||
| 005 | 20250731173030.0 | ||
| 008 | 150623s r 000 0 d | ||
| 020 | _a0802806686 | ||
| 035 | _a(Sirsi) i9780802806680 | ||
| 040 |
_aPE-LiUPU _bspa _cPE-LiUPU _erda |
||
| 049 | _aPRUA | ||
| 082 | 0 | 4 |
_a269.2 _bF12 _221 |
| 100 | 1 |
_aFackre, Gabriel, _eautor. |
|
| 245 | 1 | 0 |
_aEcumenical faith in evangelical perspective / _cGabriel Fackre. |
| 264 | 1 |
_aGrand Rapids, Michigan : _bWilliam B. Eerdmans Publishing Company, _c1993. |
|
| 300 |
_a230 páginas ; _c22 cm. |
||
| 336 |
_atext _2rdacontent |
||
| 337 |
_aunmediated _2rdamedia |
||
| 338 |
_avolume _2rdacarrier |
||
| 504 | _aBibliografía al pié de algunas páginas. | ||
| 505 | 0 | _aMapping the territory. -Exploring the boundaries. -Giants in the land. | |
| 526 | _aSEG42 | ||
| 526 | _aSEG41 | ||
| 526 | _aSEG40 | ||
| 526 | _aSEG39 | ||
| 526 | _aP94 | ||
| 526 | _aP87 | ||
| 526 | _aP86 | ||
| 526 | _aP85 | ||
| 526 | _aP77 | ||
| 526 | _aP76 | ||
| 526 | _aP35 | ||
| 650 | 0 | 4 | _aEvangelicalismo. |
| 650 | 0 | 4 |
_aTeología _xHistoria _ySiglo XX. |
| 942 |
_2ddc _cBOOK |
||
| 949 |
_a269.2 F12 _wDEWEY _c1 _i48096 _lCCODEBUL1 _mBUL _r0 _sY _tBOOK _u2015-6-24 _xTEOLOGIA _PP35 _0COMPRA _o.STAFF. Colección General |
||
| 994 |
_aC0 _bPEPRU |
||
| 596 | _a1 | ||
| 999 |
_a269.2 F12 _wDEWEY _c25072 _i48096 _f2021-11-10 _g5 _lCCODEBUL1 _mBUL _r0 _sY _tBOOK _u2015-6-24 _xTEOLOGIA _PP35 _0COMPRA _o.STAFF. Colección General _d25072 |
||
| 980 |
_81 _gALBERTO SANCHEZ Responsable de Automatización |
||